| 000 | 02206nam a2200337 i 4500 | ||
|---|---|---|---|
| 001 | 768714001 | ||
| 003 | CO-MdFUSB | ||
| 005 | 20210306093725.0 | ||
| 007 | ta | ||
| 008 | 200530t2010 sp a|||| |||| 00| 0 spa d | ||
| 020 | _a9789587049442 | ||
| 040 |
_aCO-MdFUSB _bspa _cCO-MdFUSB _dCO-MdFUSBC _erda |
||
| 041 |
_aspa _heng |
||
| 082 |
_223 _a813.54 _bR646 |
||
| 100 |
_aRoberts, Nora. _eautor |
||
| 240 | _aBorn in ice | ||
| 245 |
_aNacida del hielo _c/ Nora Roberts ; traducido por Adriana Delgado Escrucería. |
||
| 250 | _aPrimera edición | ||
| 264 | 1 |
_aBarcelona, España : _bSuma de Letras, _c[2010] |
|
| 264 | 4 | _c© 2010 | |
| 300 |
_a648 páginas _c; 23 cm |
||
| 336 |
_2rdacontent _atexto _btxt |
||
| 337 |
_2rdamedia _asin mediación _bn |
||
| 338 |
_2rdacarrier _avolumen _bnc |
||
| 520 | _aBrianna Concannon es el tipo de posadero a quien no le importan los duros inviernos de Irlanda, y la cama y desayuno vacía que viene con ellos. Pero este año, un famoso autor estadounidense necesita un lugar tranquilo para quedarse mientras escribe su próximo libro. Un encantador, cuyas sonrisas fáciles enmascaran un pasado protegido, Grayson Thane planea pasar el frío invierno solo. Pero su encantadora casera agrega una complicación que nunca esperó. Ella es exactamente lo que él está buscando en su heroína. Y pronto Grayson y Brianna aprenderán que a veces el destino tiene un plan propio. A veces, el fuego puede nacer en hielo ... " "Gracias a su propio esfuerzo, Brie Concannon ha logrado convertir su sueño en realidad: ha transformado Blackthorn Cottage, la casa familiar, en un acogedor hotel rural. Unas horas después de que Brie haga un descubrimiento sobre su padre que tendrá peligrosas consecuencias, llega al hotel Grayson Thane, un escritor norteamericano en busca de inspiración. Entre los dos surge una gran atracción que abrirá para ambos mundos nuevos. Pero tanto Grayson como Brie han sufrido en el pasado y, antes de admitir que necesitan a alguien, prefieren fingir frialdad." | ||
| 563 | _aRústico | ||
| 653 | _aRelaciones interpersonales | ||
| 700 |
_92629 _aDelgado Escrucería, Adriana. _etraductor |
||
| 942 | _cBK | ||
| 945 | _aJTF-925 | ||
| 999 |
_c65929 _d65929 |
||